Modelos políticos y organización barrial : Chile y Ecuador /

Los pobladores de Chile y de Ecuador, con las mismas ganas, echan pestes y maldiciones hacia sus políticos. Entrevistando a lo largo de varios años a pobladores en Santiago (Chile) y a vecinos en Quito (Ecuador),1 he podido constatar que la pregunta: "¿qué opina de los políticos?" sigue siendo una d...

Full description

Bibliographic Details
Main Author: Salman, Ton
Format: Analitica de revista
Language:Spanish
Published: Santiago, Chile SUR 2002
Subjects:

MARC

LEADER 00000cab a2200000 a 4500
001 037947
003 UAHC_CL
005 20171125131850.0
008 140120s2002 cl 000 spa
952 |0 0  |1 0  |4 0  |6 PROPOSICIONES_34_02_000000000000000  |7 0  |8 COMP  |9 71963  |a BC  |b BC  |c COMP  |d 2017-08-03  |l 0  |o PROPOSICIONES-34/02  |r 2017-08-03 00:00:00  |t 1  |w 2017-08-03  |y REVA 
999 |c 37947  |d 37947 
040 |a UAHC_CL  |c UAHC_CL  |d UAHC_CL 
100 1 |a Salman, Ton 
245 1 0 |a Modelos políticos y organización barrial :  |b Chile y Ecuador /  |c Ton Salman. 
260 |b SUR  |c 2002  |a Santiago, Chile 
300 |a pp. 219-232 
310 |a Anual. 
362 0 |a Año 1, no. 1 (nov. 2002)- . 
362 0 |a Año 1, no. 1 (nov. 2002)- . 
500 |a En: Proposiciones. no. 34, 2002. pp. 219-232. ISSN. 956208051X. 
520 |a Los pobladores de Chile y de Ecuador, con las mismas ganas, echan pestes y maldiciones hacia sus políticos. Entrevistando a lo largo de varios años a pobladores en Santiago (Chile) y a vecinos en Quito (Ecuador),1 he podido constatar que la pregunta: "¿qué opina de los políticos?" sigue siendo una de las más gratificantes. Páginas y páginas de transcripciones de entrevistas grabadas fueron el resultado de esto y, por lo general, lo expresado no es muy halagador para la clase política. Sin embargo, lo más interesante de este hecho es que en Chile y Ecuador usan palabras distintas para expresar sus sentimientos hacia los políticos. 
650 4 |a ORGANIZACION DE LA COMUNIDAD  |z CHILE 
650 4 |a ORGANIZACION DE LA COMUNIDAD  |z ECUADOR 
900 |a PROPOSICIONES-34/02 
942 |c REVA  |2 ddc